Identita vybranej značky bakalárska práca

Enregistré dans:
Détails bibliographiques
Auteur principal: Marcinová, Erika
Collectivité auteur: Obchodná fakulta EU. Katedra marketingu
Autres auteurs: Kuchta, Martin, 1990-
Format: Livre
Langue:slovaque
Publié: Bratislava 2018
Tags: Ajouter un tag
Pas de tags, Soyez le premier à ajouter un tag!

MARC

LEADER 00000nbm a2200000 4500
001 0245152
005 20180815090106.7
041 0 |a slo 
044 |a SK 
245 1 0 |a Identita vybranej značky  |b bakalárska práca  |c Erika Marcinová ; školiteľ: Martin Kuchta 
264 1 |a Bratislava  |c 2018 
300 |a 49 s. 
100 1 |a Marcinová, Erika 
700 1 |a Kuchta, Martin, 1990- 
710 2 |a Obchodná fakulta EU. Katedra marketingu